[Event "SRB Central-ch op-B 9th"]
[Site "Paracin"]
[Date "2016.07.12"]
[Round "6"]
[White "Hasman, Cengiz"]
[Black "Krstic, Milos D"]
[Result "1-0"]
[WhiteElo "2072"]
[BlackElo "1966"]
[PlyCount "99"]
[EventDate "2016.07.07"]
[EventType "swiss"]
[EventRounds "9"]
[EventCountry "SRB"]
[SourceTitle "CBM 173 Extra"]
[Source "ChessBase"]
[SourceDate "2016.08.29"]
[SourceVersion "1"]
[SourceVersionDate "2016.08.29"]
[SourceQuality "1"]

1. d4 d5 2. Nf3 Nf6 3. g3 Bf5 4. Bg2 e6 5. 0-0 Bd6 6. c4 c6 7. Nc3 0-0 8. Nh4 Bg6 9. Nxg6 hxg6 10. e4 dxe4 11. Nxe4 Be7 12. Be3 Nbd7 13. Nc3 Rc8 14. h3 a6 15. Qa4 Qb6 16. Rab1 Qb4 17. Qxb4 Bxb4 18. Rfc1 Rfd8 19. a3 Bd6 20. b4 e5 21. d5 cxd5 22. Nxd5 e4 23. Nb6 Nxb6 24. Bxb6 Re8 25. c5 Bf8 26. Re1 Re6 27. Rbd1 Rce8 28. Re3 g5 29. g4 g6 30. Rd8 Rxd8 31. Bxd8 Be7 32. Bxe7 Rxe7 33. f3 Re5 34. fxe4 Kf8 35. Rd3 Ke7 36. Rd4 Nd7 37. Rd5 Ke6 38. Rd4 Ke7 39. Kf2 a5 40. Bf1 axb4 41. axb4 Nb8 42. Bb5 b6 43. c6 Rxb5 44. c7 Nc6 45. c8Q Nxd4 46. Qc4 f5 47. Qxd4 fxg4 48. Qg7+ Kd8 49. hxg4 Kc8 50. Ke3 1-0

[Event "SRB-ch U16"]
[Site "Kragujevac"]
[Date "2016.05.07"]
[Round "8"]
[White "Krstic, Milos D"]
[Black "Radovanovic, Mihajlo"]
[Result "0-1"]
[WhiteElo "1981"]
[BlackElo "2358"]
[PlyCount "84"]
[EventDate "2016.05.02"]
[EventType "tourn"]
[EventRounds "9"]
[EventCountry "SRB"]
[SourceTitle "CBM 172 Extra"]
[Source "ChessBase"]
[SourceDate "2016.06.21"]
[SourceVersion "1"]
[SourceVersionDate "2016.06.21"]
[SourceQuality "1"]

1. d4 Nf6 2. Bg5 Ne4 3. Bf4 Nc6 4. e3 d5 5. Bd3 Bf5 6. f3 g5 7. Be5 f6 8. Bxf6 exf6 9. fxe4 dxe4 10. Bb5 Qd6 11. c4 0-0-0 12. c5 Qe6 13. Qa4 a6 14. Bxc6 Qxc6 15. Qxc6 bxc6 16. Ne2 Bg6 17. Nbc3 f5 18. 0-0-0 f4 19. exf4 gxf4 20. Rhf1 f3 21. gxf3 exf3 22. Rxf3 Bh6+ 23. Rd2 Rhf8 24. Rh3 Rf1+ 25. Nd1 Bg5 26. Rg3 Rd5 27. Rxg5 Rxg5 28. Ng3 Rg1 29. Rf2 Bh5 30. Rd2 Rd5 31. Nxh5 Rxh5 32. Kc2 Rh1 33. Nf2 R1xh2 34. Kd3 Rg5 35. Ke3 Rg3+ 36. Kf4 Rgg2 37. Kf3 Kd7 38. b4 Rxf2+ 39. Rxf2 Rxf2+ 40. Kxf2 Ke6 41. Ke3 Kd5 42. Kd3 h5 0-1

[Event "SRB-ch U16"]
[Site "Kragujevac"]
[Date "2016.05.06"]
[Round "6"]
[White "Krstic, Milos D"]
[Black "Kupusovic, Mitar"]
[Result "1-0"]
[WhiteElo "1981"]
[BlackElo "1601"]
[PlyCount "117"]
[EventDate "2016.05.02"]
[EventType "tourn"]
[EventRounds "9"]
[EventCountry "SRB"]
[SourceTitle "CBM 172 Extra"]
[Source "ChessBase"]
[SourceDate "2016.06.21"]
[SourceVersion "1"]
[SourceVersionDate "2016.06.21"]
[SourceQuality "1"]

1. e4 e5 2. Nf3 Nc6 3. Bb5 a6 4. Bxc6 dxc6 5. 0-0 f6 6. d4 exd4 7. Qxd4 Qxd4 8. Nxd4 Bd7 9. Be3 0-0-0 10. Nd2 Ne7 11. c4 c5 12. Ne2 Nc6 13. f4 Nb4 14. Rfc1 b6 15. a3 Nc6 16. Nc3 Be6 17. f5 Bf7 18. Nd5 Ne5 19. Rc3 Kb7 20. Rb3 Be8 21. h3 Ba4 22. Rc3 Be8 23. Nf3 Bd6 24. Nd2 c6 25. Nf4 Bc7 26. b4 cxb4 27. axb4 Bf7 28. Ne2 Rd7 29. Rac1 Rhd8 30. R3c2 Nd3 31. Rb1 Ne5 32. Nf4 Nd3 33. Nxd3 Rxd3 34. Kf2 R3d7 35. g4 h6 36. h4 Rd3 37. Ke2 Bg3 38. Rh1 Bc7 39. g5 hxg5 40. hxg5 R3d7 41. gxf6 gxf6 42. Rh6 Be5 43. Nf3 Ba1 44. Nd2 Rf8 45. Nb3 Be5 46. Nd2 Ba1 47. Bf4 Bg8 48. Nb3 Be5 49. Bxe5 fxe5 50. Nd2 Re8 51. Nf3 Kc7 52. c5 Bb3 53. Rc1 b5 54. Ke3 Bc4 55. Rc3 Rd1 56. Ra3 Rb1 57. Rxa6 Kb7 58. Rb6+ Ka8 59. Rhxc6 1-0

[Event "Belgrade Trophy 29th"]
[Site "Belgrade"]
[Date "2015.11.24"]
[Round "1"]
[White "Krstic, Milos D"]
[Black "Vulinovic, Radivoje"]
[Result "0-1"]
[WhiteElo "1856"]
[BlackElo "2200"]
[PlyCount "56"]
[EventDate "2015.11.24"]
[EventType "swiss"]
[EventRounds "9"]
[EventCountry "SRB"]
[SourceTitle "CBM 170 Extra"]
[Source "ChessBase"]
[SourceDate "2016.02.25"]
[SourceVersion "1"]
[SourceVersionDate "2016.02.25"]
[SourceQuality "1"]

1. e4 e5 2. Nf3 Nf6 3. d4 Nxe4 4. Bd3 d5 5. dxe5 Nc5 6. 0-0 Be7 7. Be3 0-0 8. Nc3 c6 9. Nd2 d4 10. Nde4 dxe3 11. Nxc5 Bxc5 12. Ne4 exf2+ 13. Kh1 Nd7 14. Qh5 g6 15. Qh6 Be7 16. Rxf2 Nxe5 17. Be2 Bf5 18. Rd1 Qc7 19. Rxf5 gxf5 20. Ng3 Ng6 21. Nh5 Qe5 22. Rd3 f4 23. Rh3 Nh4 24. Nxf4 Bg5 25. Rg3 Qxf4 26. Rxg5+ Ng6 27. h4 Rae8 28. Qh5 Rxe2 0-1

[Event "SRB-ch U14"]
[Site "Subotica"]
[Date "2014.04.21"]
[Round "7"]
[White "Kostic, Vasilije"]
[Black "Krstic, Milos D"]
[Result "1/2-1/2"]
[WhiteElo "1804"]
[BlackElo "1592"]
[PlyCount "80"]
[EventDate "2014.04.17"]
[EventType "swiss"]
[EventRounds "9"]
[EventCountry "SRB"]
[SourceTitle "CBM 160 Extra"]
[Source "ChessBase"]
[SourceDate "2014.07.01"]
[SourceVersion "1"]
[SourceVersionDate "2014.07.01"]
[SourceQuality "1"]

1. e4 c5 2. Nf3 Nc6 3. d4 cxd4 4. Nxd4 e5 5. Nxc6 bxc6 6. Nc3 Nf6 7. Bc4 Bb4 8. Bg5 0-0 9. 0-0 h6 10. Bh4 Be7 11. Re1 Re8 12. Qf3 d6 13. h3 Qc7 14. Rad1 Bb7 15. Bg3 Rad8 16. Bb3 Rf8 17. Rd2 Bc8 18. Red1 Ba6 19. Bh2 Nh7 20. Qf5 Bc8 21. Qh5 Ba6 22. h4 Nf6 23. Qf3 Bc8 24. Qd3 Nd7 25. Bg3 Nc5 26. Qe3 Nxb3 27. axb3 Be6 28. Ra1 Ra8 29. Rad1 Kh8 30. Rd3 Rfd8 31. Ne2 Bg4 32. Ra1 Be6 33. c4 c5 34. f4 f6 35. f5 Bf7 36. Nc3 Qb6 37. Na4 Qc7 38. Nc3 Qb6 39. Na4 Qc7 40. Nc3 Qb6 1/2-1/2